000 00605nam a22002057a 4500
003 LK-CoMWRAF
005 20230925211313.0
008 230925b |||||||| |||| 00| 0 eng d
020 _a9781842931905
040 _aLK-CoMWRAF
_dLK-CoMWRAF
_eLK-CoMWRAF
041 _aeng
082 _a909.098
_bWAL
100 _aWallace-Murphy, Tim
245 _aWhat Islam did for us :
_bUnderstanding Islam's contribution to Western civilization
260 _aUK :
_bWarkins publishing,
_c2006
300 _aix, 260 p. ; 24 cm.
650 _aCivilization
650 _aWestern -- Islamic influences
942 _cBK
999 _c3668
_d3668